عصمة الأنبياء وعصمة الأئمة في المذهب الشيعي الإمامي الإثني عشري : دراسة مقارنة /
Saved in:
| Main Author: | |
|---|---|
| Other Authors: | |
| Format: | Thesis |
| Language: | Arabic |
| Published: |
Malaysia :
al-Jami'ah al-Islamiyah al-'Alamiyah Maliziya,
2000
|
| Subjects: | |
| Tags: |
Add Tag
No Tags, Be the first to tag this record!
|
| LEADER | 017610000a22003850004500 | ||
|---|---|---|---|
| 001 | 229836 | ||
| 005 | 20230420125029.0 | ||
| 008 | 021227s2000 my g 000 0dara d | ||
| 035 | |a (Sirsi) 229836 | ||
| 040 | |a UIAM |b eng | ||
| 041 | 0 | |a ara | |
| 050 | 0 | 0 | |a BP166.94 |
| 100 | 0 | |a حامدون بن محمد حسين |9 120262 | |
| 242 | 1 | 0 | |a 'Ismat al-anbiya' wa-'ismat al-a'immah fi al-madhhab al-Shi'i al-Imami al-Ithnay 'Ashari : |b dirasah muqaranah |
| 245 | 1 | 0 | |a عصمة الأنبياء وعصمة الأئمة في المذهب الشيعي الإمامي الإثني عشري : |b دراسة مقارنة / |c إعداد حامدون بن محمد حسين |
| 260 | |a Malaysia : |b al-Jami'ah al-Islamiyah al-'Alamiyah Maliziya, |c 2000 | ||
| 300 | |a 86 leaves ; |c 30 cm. | ||
| 336 | |2 rdacontent | ||
| 337 | |2 rdamedia | ||
| 338 | |2 rdacarrier | ||
| 500 | |a Abstracts in English and Arabic | ||
| 500 | |a "بحث تكميلى لمتطلبات نيل درجة الماجستير فى معارف الوحى والتراث" | ||
| 502 | |a Thesis (Master) -- International Islamic University Malaysia, 2000 | ||
| 600 | 0 | 7 | |a Saupi Man |9 845 |
| 650 | 0 | |a Imams (Shiites) |9 120265 | |
| 650 | 0 | |a Imamate |9 27283 | |
| 650 | 0 | |a Shiites |x Doctrines |9 120266 | |
| 655 | 0 | 7 | |a Theses, IIUM local |
| 655 | 0 | 7 | |a Theses, IIUM foreign |
| 700 | 0 | |a Hamidun bin Mohamad Husin |9 120267 | |
| 900 | |a naw-ami-naw | ||
| 942 | |2 lcc |n 0 | ||
| 999 | |c 431929 |d 465878 | ||
| 952 | |0 0 |6 T BP 166.94 H216I 2000 |7 0 |8 THESES |9 751681 |a IIUM |b IIUM |c MULTIMEDIA |g 0.00 |o t BP 166.94 H216I 2000 |p 00011275234 |r 2017-10-17 |t 2 |v 0.00 |y THESIS | ||
| 952 | |0 0 |6 LU T BP 166.94 H216I 2000 |7 0 |8 THESES |9 754964 |a IIUM |b IIUM |c CLOSEACCES |g 0.00 |o lu t BP 166.94 H216I 2000 |p 00000669466 |r 2017-10-24 |t 1 |v 0.00 |y THESIS | ||
